CHALLENGES TO SCIENCE EARTH SCIENGE (Record no. 7071)

MARC details
000 -LEADER
fixed length control field 00380nam a22001577a 4500
003 - CONTROL NUMBER IDENTIFIER
control field OSt
005 - DATE AND TIME OF LATEST TRANSACTION
control field 20210928100737.0
008 - FIXED-LENGTH DATA ELEMENTS--GENERAL INFORMATION
fixed length control field 210928b |||||||| |||| 00| 0 eng d
040 ## - CATALOGING SOURCE
Transcribing agency HAWASSA UNIERSITY
050 ## - LIBRARY OF CONGRESS CALL NUMBER
Classification number 550/HEL
Item number 1
082 ## - DEWEY DECIMAL CLASSIFICATION NUMBER
Edition number 2nd
Classification number 550/HEL
Item number 1
245 ## - TITLE STATEMENT
Title CHALLENGES TO SCIENCE EARTH SCIENGE
260 ## - PUBLICATION, DISTRIBUTION, ETC.
Name of publisher, distributor, etc. NEW YORK
Date of publication, distribution, etc. 1972
300 ## - PHYSICAL DESCRIPTION
Extent xi/468
942 ## - ADDED ENTRY ELEMENTS (KOHA)
Source of classification or shelving scheme Dewey Decimal Classification
Koha item type Books like text book referance book
Suppress in OPAC No
Holdings
Withdrawn status Lost status Source of classification or shelving scheme Damaged status Not for loan Home library Current library Date acquired Total Checkouts Full call number Barcode Date last seen Copy number Price effective from Koha item type
    Dewey Decimal Classification     College of Agriculture Library College of Agriculture Library 09/28/2021   550/HEL ALIB0003089 09/28/2021 1 09/28/2021 Books like text book referance book